000 00945nam a22003017a 4500
001 0038165
003 KOHA_MİRAKIL
005 20260207003052.0
007 ta
008 120808b1987 xx |||gr||||#0|||1|eng |
020 _a0898749670
_q(pbk.)
040 _aTR-BiSEU
_btur
_cTR-BiSEU
_erda
041 0 _aeng
050 _aPE1479.C7
_bH65 1987
100 1 _aHolstein, Michael E..
245 1 _aBeginning literary criticism/
_cMichael E. Holstein ; Michael E. Holstein.
264 1 _aMalabar, Fla. :
_bKrieger Pub. Co.
_c1987
300 _aix, 113 pages: ill. ;
_c23 cm.
336 _ametin
_btxt
_2rdacontent
337 _aaracısız
_bn
_2rdamedia
338 _acilt
_bnc
_2rdacarrier
650 0 _aEnglish language--Rhetoric.
_911409
650 0 _aLiterature--History and criticism--Theory, etc.
_971372
650 0 _aCriticism--Authorship.
_971373
650 0 _aAcademic writing.
_971374
907 _aDil
942 _2lcc
_cBK
999 _c38017
_d38017